Statistics for Soccer Club Nicknames

Click here to take the quiz!

General Stats

  • This quiz has been taken 13,972 times
    (13,961 since last reset)
  • The average score is 10 of 25

Answer Stats

HintAnswer% Correct
Manchester UnitedThe Red Devils
89%
West Ham UnitedThe Hammers
87%
ArsenalThe Gunners
85%
Swansea CityThe Swans
63%
Leicester CityThe Foxes
61%
EvertonThe Toffees
59%
Glasgow RangersThe Gers
50%
SouthamptonThe Saints
49%
Norwich CityThe Canaries
48%
NewcastleThe Magpies
48%
Sheffield WednesdayThe Owls
47%
Manchester CityThe Citizens
46%
Sheffield UnitedThe Blades
43%
Brighton & Hove AlbionThe Seagulls
43%
West Bromwich AlbionThe Baggies
33%
FulhamThe Cottagers
31%
Ipswich TownThe Tractor Boys
25%
Villarreal CFEl Submarino Amarillo
24%
AC MilanLa Rossoneri
18%
BlackpoolThe Seasiders
18%
FiorentinaLa Viola
14%
BarnetThe Bees
14%
MorcambeThe Shrimps
14%
Nigeria (National Team)The Super Eagles
14%
Macclesfield TownThe Silkmen
6%

Score Distribution

Percentile by Number Answered

Percent of People with Each Score

Your Score History

You have not taken this quiz since the last reset